Normal view
MARC view
Entry Topical Term
001 - CONTROL NUMBER
- control field: 20287
003 - CONTROL NUMBER IDENTIFIER
- control field: dpl
005 - DATE AND TIME OF LATEST TRANSACTION
- control field: 20100916112416.0
008 - FIXED-LENGTH DATA ELEMENTS
- fixed length control field: 100916|||a|||||| | ||| d
040 ## - CATALOGING SOURCE
- Original cataloging agency: dpl
- Transcribing agency: dpl
150 ## - HEADING--TOPICAL TERM
- Topical term or geographic name as entry element: Material Management
670 ## - SOURCE DATA FOUND
- Source citation: Work cat.: (dpl)36225: Shukla, Mukesh 20285, Sap materials management :, 2010
670 ## - SOURCE DATA FOUND
- Source citation: Work cat.: (dpl)36225: Shukla, Mukesh 20285, Sap materials management :, 2010
